000 00595nam a2200181Ia 4500
008 151018s9999 xx 000 0 und d
082 _bRBASDV7331
_a891.463
100 _aचंद्रकांत काकोडकर
245 _aश्यामा
250 _b1
260 _bभारतीय प्रकाशन संस्था
_c1971
300 _a288
600 _aचंद्रकांत काकोडकर
630 _aश्यामा
700 _aचंद्रकांत काकोडकर
730 _aश्यामा
942 _cBOOK
999 _c1009700
_d1009697